<?xml version="1.0" encoding="UTF-8"?><?xml-stylesheet type="text/xsl" href="static/style.xsl"?><OAI-PMH xmlns="http://www.openarchives.org/OAI/2.0/" xmlns:xsi="http://www.w3.org/2001/XMLSchema-instance" xsi:schemaLocation="http://www.openarchives.org/OAI/2.0/ http://www.openarchives.org/OAI/2.0/OAI-PMH.xsd"><responseDate>2026-06-01T10:18:58Z</responseDate><request verb="GetRecord" identifier="oai:riuma.uma.es:10630/35794" metadataPrefix="marc">https://riuma.uma.es/rest/oai/request</request><GetRecord><record><header><identifier>oai:riuma.uma.es:10630/35794</identifier><datestamp>2026-02-03T10:23:36Z</datestamp><setSpec>com_10630_1685</setSpec><setSpec>col_10630_38055</setSpec></header><metadata><record xmlns="http://www.loc.gov/MARC21/slim" xmlns:dcterms="http://purl.org/dc/terms/" xmlns:doc="http://www.lyncode.com/xoai" xmlns:xsi="http://www.w3.org/2001/XMLSchema-instance" xsi:schemaLocation="http://www.loc.gov/MARC21/slim http://www.loc.gov/standards/marcxml/schema/MARC21slim.xsd">
   <leader>00925njm 22002777a 4500</leader>
   <datafield ind2=" " ind1=" " tag="042">
      <subfield code="a">dc</subfield>
   </datafield>
   <datafield ind2=" " ind1=" " tag="720">
      <subfield code="a">Fernández Ureña, Nerea</subfield>
      <subfield code="e">author</subfield>
   </datafield>
   <datafield ind2=" " ind1=" " tag="260">
      <subfield code="c">2024-12-13</subfield>
   </datafield>
   <datafield ind2=" " ind1=" " tag="520">
      <subfield code="a">Con el título Revelar, Reencuadrar, Resignificar. Visiones del reflejo de la otra orilla, se manifiesta una investigación teórico-plástica, a modo de Trabajo de Fin de Grado, que trata sobre cómo las representaciones visuales desempeñan un papel crucial en la configuración de la percepción social y cultural, lo que en ocasiones lleva a una otredad equívoca. Desde una&#xd;
perspectiva antropológica, se inicia un análisis de este fenómeno a través de la exploración de la revista pionera en la divulgación del conocimiento geográfico, National Geographic. Mediante la selección y apropiación de imágenes pertenecientes a dicha fuente se trabajan los aspectos no verbales haciendo uso del collage, el reencuadre y la resignificación de éstas dando cabida a la reflexión y la crítica.</subfield>
   </datafield>
   <datafield ind1="8" ind2=" " tag="024">
      <subfield code="a">https://hdl.handle.net/10630/35794</subfield>
   </datafield>
   <datafield tag="653" ind2=" " ind1=" ">
      <subfield code="a">Bellas Artes - Trabajos Fin de Grado</subfield>
   </datafield>
   <datafield tag="653" ind2=" " ind1=" ">
      <subfield code="a">Grado en Bellas Artes</subfield>
   </datafield>
   <datafield tag="653" ind2=" " ind1=" ">
      <subfield code="a">Arte</subfield>
   </datafield>
   <datafield ind2="0" ind1="0" tag="245">
      <subfield code="a">Revelar, reencuadrar, resignificar : visiones del reflejo de la otra orilla</subfield>
   </datafield>
</record>
</metadata></record></GetRecord></OAI-PMH>